Normal view
MARC view
- MSC Theses
Entry Topical Term
001 - CONTROL NUMBER
- control field: 47525
003 - CONTROL NUMBER IDENTIFIER
- control field: NUST
005 - DATE AND TIME OF LATEST TRANSACTION
- control field: 20210314133837.0
008 - FIXED-LENGTH DATA ELEMENTS
- fixed length control field: 210314|| aca||aabn | a|a d
040 ## - CATALOGING SOURCE
- Original cataloging agency: NUST
- Transcribing agency: NUST
150 ## - HEADING--TOPICAL TERM
- Topical term or geographic name entry element: MSC Theses
670 ## - SOURCE DATA FOUND
- Source citation: Work cat.: (NUST): Irfan Zafar 47524, Evaluation of risk factors causing cost & time overrun in road projects of Fata, Pakistan (CEM), 2014
